000 00863nam0a22002411 4500
001 rc\283688
005 20260405090741.0
010 _a5-368-00308-0
_9150000
035 _a(NLR Aleph) 005512017
090 _a5417099
_c5417099
100 _a20030307d1990 |||y0rusy50 ca
101 0 _arus
102 _aRU
105 _aa |||||||||
200 1 _aСамые красивые цветы
_eСтраницы нар. творчества
_eМолд. писатели детям
_f[Сост. С. Вангели]
210 _aКишинев
_cЛит. артистикэ
_d1990
215 _a451, [11] с.
_cцв. ил.
_d24
702 1 _4220
_8rus
_7ca
_aВангели
_bС. С.
_gСпиридон Степанович
_f1932-2024
_3RU\NLR\AUTH\7732331
_915339
801 0 _aRU
_bNLR
_gpsbo
801 1 _aRU
_bELAR
_2rusmarc
852 _aNLR
_j90-7/1455
942 _cBOOK
980 _aNB